000 00393nam a22001697a 4500
005 20180327125359.0
008 160625b xxu||||| |||| 00| 0 eng d
020 _a81-7660-069-5
041 _aeng
082 _b10070
_a338.0954
100 _aChopra, Dr BS KS
_92773
245 _aBusiness Environment in India
260 _bEPH
300 _a239
650 _aManagement
_9241
942 _cBK
999 _c4009
_d4008